| 000 | 00000nam 2200000za 4500 |
| 001 | 9.840966 |
| 003 | CaOODSP |
| 005 | 20250403105949 |
| 007 | cr ||||||||||| |
| 008 | 170803s1992 onc |o f|0| 0 fre d |
| 040 | |aCaOODSP|bfre |
| 043 | |an-cn--- |
| 086 | 1 |aCS12-0043/6F-PDF |
| 100 | 1 |aFrederick, Judith A. |
| 245 | 13|aLa mesure du travail non rémunéré |h[ressource électronique] : |bl'expérience canadienne / |cdocument rédigé par Judith Frederick, Douglas Norris et Ghislaine Villeneuve. |
| 260 | |a[Ottawa] : |bStatistique Canada, |c[1992]. |
| 300 | |a20 p. |
| 490 | 1 |aDocument de travail ; |vno. 6 |
| 500 | |aPubli. aussi en anglais sous le titre : Measuring unpaid work: the Canadian experience. |
| 500 | |a« Séance de travail conjointe CEE-IIRFPF Statistiques sur les femmes du 27 au 29 avril 1992. » |
| 500 | |aÉdition numérisée de l'imprimé [par Statistique Canada]. |
| 504 | |aComprend des références bibliographiques. |
| 520 | |a« Le présent document fait état des travaux actuellement en cours et de ceux récemment entrepris à Statistique Canada relativement à la mesure du travail non rémunéré. Une attention particulière est accordée à l'élaboration d'une enquête sur l'emploi du temps en vue de constituer une source principale de données sur le travail non rémunéré. En outre, certaines questions relatives à la mesure du travail non rémunéré font l'objet d'une analyse générale »--Introduction. |
| 692 | 07|2gccst|aAnalyse statistique |
| 692 | 07|2gccst|aMéthodologie |
| 692 | 07|2gccst|aSondage |
| 692 | 07|2gccst|aTravail non rémunéré |
| 700 | 1 |aNorris, Douglas. |
| 700 | 1 |aVilleneuve, Ghislaine. |
| 710 | 2 |aStatistique Canada. |
| 775 | 08|tMeasuring unpaid work |w(CaOODSP)9.840965 |
| 830 | #0|aDocument de travail (Enquête sociale générale (Canada))|vno. 6|w(CaOODSP)9.835229 |
| 856 | 40|qPDF|s2.44 Mo|uhttps://publications.gc.ca/collections/collection_2017/statcan/12-0043/CS12-0043-6-fra.pdf |
| 986 | |a12F0043F no. 6 |